[Event "FIDE World Cup 2023"]
[Site "Baku AZE"]
[Date "2023.07.30"]
[Round "1.1"]
[White "Stearman, Josiah"]
[Black "Antipov, Mikhail Al."]
[Result "0-1"]
[WhiteTitle "IM"]
[BlackTitle "GM"]
[WhiteElo "2444"]
[BlackElo "2606"]
[WhiteFideId "2062496"]
[BlackFideId "4107012"]
[EventDate "2023.07.30"]
[EventType "k.o."]

1. c4 e5 2. Nc3 Nf6 3. g3 Bb4 4. Bg2 h6 5. Qb3 a5 6. a3 Bc5 7. Qb5 Bd4 8. Nf3
O-O 9. Nxd4 exd4 10. Ne4 d6 11. Nxf6+ Qxf6 12. d3 Nd7 13. Qh5 Nc5 14. Bf4 a4 15.
O-O Bf5 16. Rad1 Rae8 17. Bd2 Re5 18. f4 Re7 19. g4 Bg6 20. Qh3 Rxe2 21. f5 Bh7
22. Qg3 g5 23. fxg6 Qxg6 24. Qh4 Rxd2 25. Rxd2 Qg5 26. Qxg5+ hxg5 27. Re1 Kg7
28. Re7 c6 29. Bf1 Bg6 30. Rf2 Bxd3 31. Bxd3 Nxd3 32. Rf5 Nxb2 33. c5 d3 34. Rf2
Nc4 35. cxd6 d2 36. Rf1 Nxd6 37. Rd7 Nc4 38. Rf2 b5 39. Re2 Ra8 40. Ree7 Kg6 41.
Kf2 b4 42. h4 Ra7 43. h5+ Kh6 44. Rxa7 d1=Q 45. Rxf7 Qd4+ 46. Kf1 Ne3+ 47. Ke2
Qxg4+ 48. Kxe3 Qe6+ 49. Kf3 Qb3+ 50. Kg4 Qc4+ 51. Kf5 Qf4+ 52. Ke6 Qe4+ 53. Kf6
bxa3 54. Ra8 Qd4+ 55. Kf5 a2 56. Rf6+ Qxf6+ 0-1

[Event "FIDE World Cup 2023"]
[Site "Baku AZE"]
[Date "2023.07.30"]
[Round "1.1"]
[White "Ibarra Chami, Luis Fernando"]
[Black "Puranik, Abhimanyu"]
[Result "0-1"]
[WhiteTitle "GM"]
[BlackTitle "GM"]
[WhiteElo "2448"]
[BlackElo "2605"]
[WhiteFideId "5105048"]
[BlackFideId "5061245"]
[EventDate "2023.07.30"]
[EventType "k.o."]

1. d4 d5 2. Nf3 Nf6 3. Bf4 c5 4. e3 Nc6 5. Nbd2 Bg4 6. c3 e6 7. Bd3 cxd4 8. exd4
Bd6 9. Bxd6 Qxd6 10. O-O O-O 11. h3 Bh5 12. Qe1 Nd7 13. Qe3 Rab8 14. a4 Bg6 15.
Bxg6 hxg6 16. Rfe1 b5 17. axb5 Rxb5 18. b3 a5 19. Qg5 Re8 20. Re3 Rb7 21. h4 Rc7
22. h5 gxh5 23. Qxh5 Qf4 24. Ne1 g6 25. Qe2 Kg7 26. Nd3 Qd6 27. g3 Rh8 28. Nf4
Nf6 29. Qd3 Rh6 30. Kg2 Rc8 31. Rh1 Rxh1 32. Rxe6 Qd8 33. Rxf6 Qxf6 34. Kxh1
Rh8+ 35. Kg2 g5 36. Nh3 g4 37. Ng1 Qh6 38. Kf1 Ne7 39. Qe2 Ng6 40. c4 Qg5 41.
Kg2 dxc4 42. Nxc4 Qd5+ 43. f3 Rb8 44. Qe4 Qxe4 45. fxe4 Rb4 46. Nxa5 Rxd4 47.
Nc4 Rxe4 48. Kf2 Ne5 0-1

[Event "FIDE World Cup 2023"]
[Site "Baku AZE"]
[Date "2023.07.30"]
[Round "1.1"]
[White "Bachmann, Axel"]
[Black "Bilguun, Sumiya"]
[Result "1/2-1/2"]
[WhiteTitle "GM"]
[BlackTitle "GM"]
[WhiteElo "2604"]
[BlackElo "2457"]
[WhiteFideId "3700488"]
[BlackFideId "4901541"]
[EventDate "2023.07.30"]
[EventType "k.o."]

1. d4 d5 2. c4 e6 3. Nf3 Nf6 4. g3 dxc4 5. Bg2 Bb4+ 6. Bd2 a5 7. Qc2 Bxd2+ 8.
Qxd2 c6 9. a4 b5 10. axb5 cxb5 11. Qg5 O-O 12. Qxb5 Ba6 13. Qxa5 Bb7 14. Qxd8
Rxa1 15. Qxf8+ Kxf8 16. O-O Ra2 17. Nbd2 Bxf3 18. Bxf3 c3 19. Nc4 cxb2 20. Kg2
Nbd7 21. Rb1 Ra4 22. Ne5 Rxd4 23. Nxd7+ Nxd7 24. Rxb2 Ne5 25. h4 Nxf3 26. Kxf3
h5 27. Ra2 g6 28. Rb2 Rc4 29. Ra2 Rb4 30. Rc2 Ra4 1/2-1/2

[Event "FIDE World Cup 2023"]
[Site "Baku AZE"]
[Date "2023.07.30"]
[Round "1.1"]
[White "Nagy, Gabor1"]
[Black "Fier, Alexandr"]
[Result "1/2-1/2"]
[WhiteTitle "GM"]
[BlackTitle "GM"]
[WhiteElo "2461"]
[BlackElo "2604"]
[WhiteFideId "737119"]
[BlackFideId "2107139"]
[EventDate "2023.07.30"]
[EventType "k.o."]

1. c4 c6 2. d4 d5 3. Nf3 Nf6 4. e3 Bf5 5. cxd5 cxd5 6. Qb3 Qb6 7. Qxb6 axb6 8.
Nc3 Nc6 9. Ne5 Bd7 10. Bd2 e6 11. f3 Bd6 12. Nb5 Bb8 13. Nxd7 Kxd7 14. Bd3 Ne8
15. Kf2 Nd6 16. Rhc1 h5 17. g3 Nf5 18. a4 Nfe7 19. Kg2 g5 20. Rf1 Rg8 21. e4 Bd6
22. Nxd6 Kxd6 23. Bc3 f5 24. b3 Rgf8 25. Bb2 Kd7 26. Ba3 Rf7 27. Bb5 g4 28. fxg4
hxg4 29. Bxe7 Kxe7 30. exd5 exd5 31. Bxc6 1/2-1/2

[Event "FIDE World Cup 2023"]
[Site "Baku AZE"]
[Date "2023.07.30"]
[Round "1.1"]
[White "Salinas Herrera, Pablo"]
[Black "Kadric, Denis"]
[Result "1-0"]
[WhiteTitle "GM"]
[BlackTitle "GM"]
[WhiteElo "2468"]
[BlackElo "2601"]
[WhiteFideId "3407128"]
[BlackFideId "14403803"]
[EventDate "2023.07.30"]
[EventType "k.o."]

1. e4 g6 2. d4 Bg7 3. Nf3 d6 4. Bb5+ Nd7 5. O-O a6 6. Bd3 e5 7. c3 Ngf6 8. Nbd2
O-O 9. Re1 Re8 10. h3 b6 11. Nf1 Bb7 12. Ng3 exd4 13. cxd4 c5 14. d5 b5 15. Bg5
h6 16. Be3 c4 17. Bc2 Nc5 18. Qd2 Kh7 19. Bd4 a5 20. Rad1 Rc8 21. h4 Ncd7 22.
Qf4 Ne5 23. h5 Qe7 24. Nh2 Nfd7 25. Qe3 Qh4 26. hxg6+ fxg6 27. Ngf1 Nc5 28. Re2
Ncd3 29. g3 Qh5 30. f4 Nb4 31. Bb1 Nxd5 32. Qf2 Nd3 33. Bxd3 cxd3 34. Rxd3 Nf6
35. Bxf6 Bxf6 36. e5 dxe5 37. Rd7+ Kh8 38. Rxb7 exf4 39. Qxf4 Rf8 40. Qg4 Qd5
41. Rd7 Qc5+ 42. Kg2 Qc6+ 43. Nf3 h5 44. Qe6 1-0

[Event "FIDE World Cup 2023"]
[Site "Baku AZE"]
[Date "2023.07.30"]
[Round "1.1"]
[White "Dardha, Daniel"]
[Black "Goh, Wei Ming Kevin"]
[Result "1-0"]
[WhiteTitle "GM"]
[BlackTitle "GM"]
[WhiteElo "2600"]
[BlackElo "2473"]
[WhiteFideId "240990"]
[BlackFideId "5800706"]
[EventDate "2023.07.30"]
[EventType "k.o."]

1. c4 Nf6 2. Nf3 e6 3. Nc3 d5 4. e3 a6 5. b3 c5 6. Bb2 Nc6 7. cxd5 exd5 8. d4
cxd4 9. Nxd4 Bb4 10. a3 Bd6 11. Be2 O-O 12. Nf3 Bg4 13. O-O Bc7 14. h3 Bh5 15.
Nh4 d4 16. exd4 Qd6 17. g3 Bxe2 18. Nxe2 Qe6 19. Kg2 Rad8 20. Re1 Rfe8 21. Qc2
Qd5+ 22. Nf3 Bb8 23. Rad1 Na5 24. b4 Qc4 25. Nc3 Rxe1 26. Rxe1 Nc6 27. Qe2 Qxe2
28. Nxe2 Ba7 29. Rd1 Nd5 30. Nc1 f6 31. Nb3 Kf7 32. Rc1 Nde7 33. Nc5 Bxc5 34.
dxc5 Rd3 35. Rc3 Rd1 36. Rc2 Rd3 37. Rd2 Rb3 38. Ne1 a5 39. Nd3 axb4 40. Nc1
Rxa3 41. Bxa3 bxa3 42. Ra2 Ke6 43. Rxa3 Kd5 44. Rb3 Na5 45. Rb5 1-0

[Event "FIDE World Cup 2023"]
[Site "Baku AZE"]
[Date "2023.07.30"]
[Round "1.1"]
[White "Santiago, Yago De Moura"]
[Black "Lagarde, Maxime"]
[Result "1/2-1/2"]
[WhiteTitle "GM"]
[BlackTitle "GM"]
[WhiteElo "2481"]
[BlackElo "2599"]
[WhiteFideId "2103877"]
[BlackFideId "662399"]
[EventDate "2023.07.30"]
[EventType "k.o."]

1. d4 d5 2. c4 e6 3. Nf3 Nf6 4. Nc3 c6 5. e3 Nbd7 6. Qc2 Bd6 7. b3 O-O 8. Be2 e5
9. cxd5 cxd5 10. dxe5 Nxe5 11. Bb2 Bg4 12. Nxe5 Bxe5 13. Bxg4 Nxg4 14. h3 Nf6
15. O-O Rc8 16. Qd3 Re8 17. Rab1 d4 18. exd4 Bxd4 19. Rbd1 Be5 20. Qb5 Qc7 21.
Nd5 Nxd5 22. Bxe5 Rxe5 23. Rxd5 a6 24. Qd3 Rxd5 25. Qxd5 Rd8 26. Qf3 g6 27. Rd1
Rxd1+ 28. Qxd1 Qc3 29. a4 b5 30. axb5 axb5 1/2-1/2

[Event "FIDE World Cup 2023"]
[Site "Baku AZE"]
[Date "2023.07.30"]
[Round "1.1"]
[White "Vokhidov, Shamsiddin"]
[Black "Gadimbayli, Abdulla"]
[Result "1/2-1/2"]
[WhiteTitle "GM"]
[BlackTitle "GM"]
[WhiteElo "2597"]
[BlackElo "2483"]
[WhiteFideId "14204223"]
[BlackFideId "13404938"]
[EventDate "2023.07.30"]
[EventType "k.o."]

1. e4 c5 2. Nf3 e6 3. d4 cxd4 4. Nxd4 Nf6 5. Nc3 Nc6 6. Ndb5 Bb4 7. a3 Bxc3+ 8.
Nxc3 d5 9. Bd3 dxe4 10. Nxe4 Nxe4 11. Bxe4 Qxd1+ 12. Kxd1 Bd7 13. Be3 f5 14. Bf3
O-O-O 15. Kc1 e5 16. Re1 e4 17. Be2 Be6 18. b3 h6 19. h4 g5 20. hxg5 hxg5 21. g3
Nd4 22. Kb2 Nxe2 23. Rxe2 Rhg8 24. Bxa7 Bd5 25. Bb6 Rde8 26. c4 Bc6 27. b4 f4
28. b5 Bd7 29. a4 Bg4 30. Rd2 e3 31. fxe3 fxe3 32. Rd4 e2 33. Re1 Bf3 34. Kc3
Re6 35. a5 Rge8 36. Rd3 g4 37. Bf2 Kb8 38. Bc5 Kc8 39. Bb6 Rh6 40. Kd2 Rhe6 41.
Kc3 Rh6 42. Kd2 Rhe6 43. c5 R6e7 44. a6 bxa6 45. bxa6 Rd7 46. Ba5 Re5 47. Rxd7
Kxd7 48. Bb4 Re4 49. Kc3 Re6 50. Kd3 Rxa6 51. Ke3 Kc6 52. Rc1 1/2-1/2

[Event "FIDE World Cup 2023"]
[Site "Baku AZE"]
[Date "2023.07.30"]
[Round "1.1"]
[White "Acosta, Pablo Ismael"]
[Black "Piorun, Kacper"]
[Result "1/2-1/2"]
[WhiteTitle "IM"]
[BlackTitle "GM"]
[WhiteElo "2485"]
[BlackElo "2597"]
[WhiteFideId "124311"]
[BlackFideId "1130420"]
[EventDate "2023.07.30"]
[EventType "k.o."]

1. Nf3 d5 2. c4 c6 3. e3 Nf6 4. b3 Bg4 5. Bb2 e6 6. h3 Bh5 7. Nc3 Nbd7 8. g4 Bg6
9. Nh4 Bd6 10. d3 a6 11. Bg2 b5 12. Rc1 O-O 13. O-O Qe7 14. Qe2 Rfd8 15. cxd5
cxd5 16. f4 Rac8 17. Rc2 Nb6 18. Nd1 Rxc2 19. Qxc2 Rc8 20. Qd2 Nfd7 21. Nf3 f6
22. Nf2 Bb4 23. Qe2 e5 24. f5 Bf7 25. Rc1 Qd6 26. Qd1 Qb8 27. g5 Bh5 28. Rxc8+
Nxc8 29. gxf6 gxf6 30. Ng4 Ne7 31. Nfxe5 fxe5 32. Nh6+ Kg7 33. Qxh5 Qd6 34. Ng4
Ng8 35. Qe8 d4 36. exd4 exd4 37. Qe4 Ngf6 38. Nxf6 Nxf6 39. Qb7+ Kf8 40. Bc1 Nd7
41. Qc8+ Kg7 42. a3 Ba5 43. Bg5 h6 44. Bh4 Bc7 45. Qe8 Qh2+ 46. Kf1 Qf4+ 47. Ke2
Qxf5 48. Be4 Qf7 49. Qc8 Nc5 50. Qg4+ Kf8 51. Qc8+ Kg7 52. Qg4+ Kf8 53. Bg6 Qd5
54. b4 Ne6 55. Be4 Qe5 56. Kd1 Nf4 57. Qc8+ Kf7 58. Kc2 a5 59. Qd7+ Kf8 60. Qh7
Qd6 61. Bg3 axb4 62. axb4 Ke8 63. Qf5 Qe6 64. Qxb5+ Kf8 65. Qc4 Qd7 66. b5 Kg7
67. b6 Be5 68. Qc6 Qf7 69. Qb7 Qxb7 70. Bxb7 Nxd3 71. Bxe5+ Nxe5 72. Ba6 Nd7 73.
b7 Kf6 74. Bb5 Nb8 75. Kd3 Ke5 76. Kc4 Ke4 77. Kc5 d3 78. Kd6 d2 79. Ba4 Ke3 80.
Kc7 Na6+ 81. Kb6 Nb8 82. Kc7 Na6+ 83. Kb6 1/2-1/2

[Event "FIDE World Cup 2023"]
[Site "Baku AZE"]
[Date "2023.07.30"]
[Round "1.1"]
[White "Adly, Ahmed"]
[Black "Barbosa, Evandro Amorim"]
[Result "1/2-1/2"]
[WhiteTitle "GM"]
[BlackTitle "GM"]
[WhiteElo "2596"]
[BlackElo "2493"]
[WhiteFideId "10601619"]
[BlackFideId "2115824"]
[EventDate "2023.07.30"]
[EventType "k.o."]

1. d4 Nf6 2. Nf3 g6 3. g3 Bg7 4. c4 d5 5. cxd5 Nxd5 6. Bg2 Nb6 7. O-O Nc6 8. Nc3
Nxd4 9. Nxd4 Qxd4 10. a4 Qxd1 11. Rxd1 Bxc3 12. bxc3 a5 13. Bf4 c6 14. Bc7 Nd5
15. Bxd5 cxd5 16. Rxd5 Be6 17. Rd4 O-O 18. Rb1 Bc8 19. Rb5 f6 20. Bxa5 Ra6 21.
f3 Kf7 22. Kf2 h5 23. Bb6 e5 24. Rd6 Ke7 25. Rd2 Ke6 26. a5 Bd7 27. Rbd5 Bc6 28.
Rd6+ Kf7 29. Bd8 Kg7 30. c4 Ra8 31. h4 Rc8 32. Bb6 Rfe8 33. Ke3 Kf7 34. Bd8 Re6
35. c5 Rxd6 36. Rxd6 f5 37. Bf6 e4 38. Bd4 exf3 39. exf3 Re8+ 40. Kf4 Re6 41.
Rd8 Re8 42. Rxe8 Kxe8 43. Ke5 Ke7 44. f4 Be4 45. Bf2 Bc6 46. Be1 Be4 47. Bb4 Bc6
48. Ba3 Kd7 49. Kf6 Bf3 50. Kxg6 Bg4 51. Kf6 Kc6 52. Ke5 Kb5 53. Bb4 Ka6 54. Kd6
Bf3 55. Be1 Bg4 56. Kc7 Bf3 57. Bd2 Bg4 58. Kb8 Bf3 59. Bc3 Bg4 60. Bf6 Bf3 61.
Bd8 Bg4 62. Bb6 Bf3 63. Kc7 Bg4 64. Kd7 Bf3 65. Kd6 Bg4 66. Ke5 Bh3 1/2-1/2

[Event "FIDE World Cup 2023"]
[Site "Baku AZE"]
[Date "2023.07.30"]
[Round "1.1"]
[White "Avila Pavas, Santiago"]
[Black "Smirin, Ilia"]
[Result "1-0"]
[WhiteTitle "GM"]
[BlackTitle "GM"]
[WhiteElo "2499"]
[BlackElo "2595"]
[WhiteFideId "4437128"]
[BlackFideId "2801990"]
[EventDate "2023.07.30"]
[EventType "k.o."]

1. e4 c5 2. Nf3 e6 3. d4 cxd4 4. Nxd4 a6 5. Bd3 Bc5 6. Nb3 Be7 7. Qg4 g6 8. Qe2
Nc6 9. O-O d6 10. Nc3 b5 11. a4 b4 12. Nd1 Bb7 13. a5 Nf6 14. Bh6 Bf8 15. Bxf8
Kxf8 16. Ne3 Kg7 17. f4 Qc7 18. Qf2 Rhf8 19. h3 Rad8 20. Ng4 Nxg4 21. hxg4 f6
22. Qb6 Qxb6+ 23. axb6 Ra8 24. Ra4 Rfb8 25. Bc4 Nd8 26. Na5 Bxe4 27. Rxb4 d5 28.
Bd3 Bxd3 29. cxd3 Nb7 30. Nc6 Re8 31. Na7 Rad8 32. Rc1 Rd7 33. Rb3 e5 34. Rc7
Ree7 35. Rbc3 Kf8 36. Rc8+ Re8 37. fxe5 fxe5 38. R3c7 Rxc7 39. bxc7 Rxc8 40.
Nxc8 Ke8 41. Nb6 Nd6 42. Kf2 Ke7 43. g5 Ke6 44. g4 a5 45. Ke3 Ke7 46. b3 Ke6 47.
Kf3 Ke7 48. Ke2 Ke6 49. Ke3 Ke7 50. c8=Q Nxc8 51. Nxc8+ Kd7 52. Na7 Kc7 53. Nb5+
Kb6 54. Na3 1-0

[Event "FIDE World Cup 2023"]
[Site "Baku AZE"]
[Date "2023.07.30"]
[Round "1.1"]
[White "Albornoz Cabrera, Carlos Daniel"]
[Black "Suleymenov, Alisher"]
[Result "1/2-1/2"]
[WhiteTitle "GM"]
[BlackTitle "IM"]
[WhiteElo "2591"]
[BlackElo "2499"]
[WhiteFideId "3518736"]
[BlackFideId "13707833"]
[EventDate "2023.07.30"]
[EventType "k.o."]

1. e4 c5 2. Nf3 Nc6 3. Bb5 g6 4. O-O Bg7 5. Re1 Nf6 6. Nc3 O-O 7. e5 Ng4 8. Bxc6
dxc6 9. h3 Nh6 10. d3 Nf5 11. a4 a5 12. Bf4 Be6 13. Ne4 b6 14. Qd2 Nd4 15. Nxd4
Qxd4 16. Bh6 Qxe5 17. Ng5 Qf6 18. Bxg7 Kxg7 19. Nxe6+ fxe6 20. b3 Rad8 21. Rad1
Rd6 22. Re4 Rf7 23. Rde1 Kf8 24. Re5 Ke8 25. R1e4 Kd7 26. Qe3 Qh8 27. c3 Rf6 28.
b4 axb4 29. cxb4 Qb8 30. bxc5 bxc5 31. Qxc5 Rxd3 32. Re1 Rd5 33. Rxd5+ cxd5 34.
a5 Qb7 35. Qc2 Rf8 36. Rb1 Qc6 37. Qd2 Rc8 38. Qd4 Rc7 39. Rb6 Qc1+ 40. Kh2 Rc6
41. g3 Rxb6 42. Qxb6 Qc6 43. Qd4 Qa6 44. Qa4+ Kc7 45. Qh4 Kd7 46. Qa4+ Kd8 47.
Qb4 e5 48. Qc5 d4 49. Qd5+ Qd6 50. Qb7 Qc7 51. Qa8+ Qc8 52. Qd5+ Qd7 53. Qxe5 d3
54. a6 d2 55. Qh8+ Qe8 56. a7 Qxh8 57. a8=Q+ Kd7 58. Qxh8 d1=Q 59. Qe5 Qf3 60.
Kg1 h5 61. Qd4+ Ke6 62. Qg7 Qf5 63. Qg8+ Kf6 64. h4 Qb1+ 65. Kh2 Qf5 66. Qh8+
Kf7 67. Qd4 Ke6 68. Kg2 Qd5+ 69. Qxd5+ Kxd5 70. Kf3 Ke5 71. Ke3 Kf5 72. f3 e5
73. Kd3 g5 74. hxg5 Kxg5 75. Ke4 Kf6 76. f4 exf4 77. Kxf4 Kg6 78. g4 hxg4 79.
Kxg4 1/2-1/2

[Event "FIDE World Cup 2023"]
[Site "Baku AZE"]
[Date "2023.07.30"]
[Round "1.1"]
[White "Gurel, Ediz"]
[Black "Ivic, Velimir"]
[Result "1-0"]
[WhiteTitle "IM"]
[BlackTitle "GM"]
[WhiteElo "2500"]
[BlackElo "2590"]
[WhiteFideId "44507356"]
[BlackFideId "950122"]
[EventDate "2023.07.30"]
[EventType "k.o."]

1. e4 e5 2. Nf3 Nc6 3. Bb5 a6 4. Ba4 Nf6 5. O-O Nxe4 6. d4 Be7 7. Re1 b5 8. Bb3
d5 9. dxe5 Be6 10. c3 O-O 11. Nbd2 Nc5 12. Nd4 Nxd4 13. cxd4 Nd3 14. Re3 Nxc1
15. Rxc1 a5 16. Rec3 a4 17. Bc2 a3 18. bxa3 Bxa3 19. Rb1 c5 20. dxc5 d4 21. Rg3
Bxc5 22. Bxh7+ Kxh7 23. Qh5+ Kg8 24. Qh6 g6 25. Ne4 Be7 26. Rf3 Bf5 27. Rxf5 Ra6
28. Rf3 1-0

[Event "FIDE World Cup 2023"]
[Site "Baku AZE"]
[Date "2023.07.30"]
[Round "1.1"]
[White "Jumabayev, Rinat"]
[Black "Paichadze, Luka"]
[Result "1-0"]
[WhiteTitle "GM"]
[BlackTitle "GM"]
[WhiteElo "2589"]
[BlackElo "2501"]
[WhiteFideId "13702661"]
[BlackFideId "13602934"]
[EventDate "2023.07.30"]
[EventType "k.o."]

1. d4 Nf6 2. c4 e6 3. Nf3 Bb4+ 4. Nbd2 d5 5. Qa4+ Nc6 6. a3 Be7 7. e3 Bd7 8. Qc2
a5 9. b3 O-O 10. Bb2 Na7 11. Bd3 a4 12. b4 dxc4 13. Nxc4 Bb5 14. O-O Nc8 15.
Rac1 c6 16. e4 h6 17. Rfd1 Nb6 18. Na5 Bxd3 19. Qxd3 Qb8 20. Qe3 Ra6 21. Qe2 Nc8
22. Ne5 Qa8 23. Nd3 Ra7 24. Nc4 Rd8 25. Rc2 Ne8 26. Nf4 Qb8 27. g3 Ncd6 28. Na5
Bg5 29. Nd3 Rc8 30. Ne5 Ra8 31. Nac4 Nxc4 32. Nxc4 Qc7 33. d5 cxd5 34. exd5 exd5
35. Rxd5 Ra6 36. Rc5 Rc6 37. Ne5 Rxc5 38. Rxc5 Qd8 39. Nxf7 Qd7 40. Nxh6+ Bxh6
41. Qc4+ 1-0

[Event "FIDE World Cup 2023"]
[Site "Baku AZE"]
[Date "2023.07.30"]
[Round "1.1"]
[White "Megaranto, Susanto"]
[Black "Azarov, Sergei"]
[Result "1/2-1/2"]
[WhiteTitle "GM"]
[BlackTitle "GM"]
[WhiteElo "2505"]
[BlackElo "2589"]
[WhiteFideId "7101384"]
[BlackFideId "13501470"]
[EventDate "2023.07.30"]
[EventType "k.o."]

1. d4 Nf6 2. Nf3 g6 3. c3 Bg7 4. Bf4 b6 5. e3 O-O 6. h3 Bb7 7. Be2 c5 8. O-O d6
9. a4 Nc6 10. Nbd2 cxd4 11. exd4 Nd5 12. Bh2 e5 13. Bc4 Nc7 14. dxe5 Nxe5 15.
Be2 Ne6 16. Nb3 Qf6 17. Nfd4 Nf4 18. Bxf4 Qxf4 19. Qd2 Qe4 20. f3 Qh4 21. Qe1
Qf4 22. Qf2 Rac8 23. a5 Nc4 24. Bxc4 Rxc4 25. Ne2 Qe5 26. axb6 axb6 27. Nbd4
Rcc8 28. Rfe1 Rfe8 29. Ng3 Qd5 30. Rad1 Rxe1+ 31. Qxe1 h5 32. Kh1 Qg5 33. Qf2
Re8 34. f4 Qd5 35. Rd2 h4 36. Nf1 Qc4 37. Ne3 Qa4 38. f5 Re4 39. fxg6 fxg6 40.
Nf3 Bh6 41. Ng4 Rxg4 42. hxg4 Bxd2 43. Qxd2 Qxg4 44. Qxd6 Bxf3 45. gxf3 Qxf3+
46. Kh2 Qe4 47. Kh3 Kh7 48. Qd8 Qf3+ 1/2-1/2

[Event "FIDE World Cup 2023"]
[Site "Baku AZE"]
[Date "2023.07.30"]
[Round "1.1"]
[White "Mamedov, Nidjat"]
[Black "Schitco, Ivan"]
[Result "1/2-1/2"]
[WhiteTitle "GM"]
[BlackTitle "GM"]
[WhiteElo "2589"]
[BlackElo "2507"]
[WhiteFideId "13400819"]
[BlackFideId "13905465"]
[EventDate "2023.07.30"]
[EventType "k.o."]

1. e4 e5 2. Nf3 Nc6 3. Bb5 Nf6 4. O-O Nxe4 5. d4 Nd6 6. Bxc6 dxc6 7. dxe5 Nf5 8.
Qxd8+ Kxd8 9. Nc3 Bd7 10. b3 Kc8 11. Bb2 Be7 12. Rad1 h5 13. Ne4 a5 14. a4 c5
15. Rfe1 Ra6 16. Ba3 Bc6 17. Nfg5 Bxe4 18. Nxe4 Re8 19. f4 Rc6 20. Rd5 b6 21.
Kf2 c4 22. Bxe7 Rxe7 23. Ng5 cxb3 24. cxb3 Rc2+ 25. Re2 Rxe2+ 26. Kxe2 c6 27.
Rd3 Kc7 28. Nf3 Re8 29. Ng5 Re7 30. Nf3 Re8 1/2-1/2

[Event "FIDE World Cup 2023"]
[Site "Baku AZE"]
[Date "2023.07.30"]
[Round "1.1"]
[White "Henderson de La Fuente, Lance"]
[Black "Adhiban, Baskaran"]
[Result "1/2-1/2"]
[WhiteTitle "GM"]
[BlackTitle "GM"]
[WhiteElo "2517"]
[BlackElo "2587"]
[WhiteFideId "32096585"]
[BlackFideId "5018471"]
[EventDate "2023.07.30"]
[EventType "k.o."]

1. d4 Nf6 2. c4 g6 3. Nc3 d5 4. cxd5 Nxd5 5. Bd2 c5 6. e4 Nxc3 7. Bxc3 cxd4 8.
Bxd4 e5 9. Bc3 Qxd1+ 10. Rxd1 Nc6 11. Bb5 f6 12. f4 exf4 13. Bxf6 Bb4+ 14. Ke2
Rf8 15. Bg5 Be6 16. Nf3 a6 17. Bxc6+ bxc6 18. Ne5 Rc8 19. Bh6 Rf6 20. Bg5 Rf8
21. Bh6 Rf6 22. Bg7 Rf7 23. Bh6 Rf6 1/2-1/2

[Event "FIDE World Cup 2023"]
[Site "Baku AZE"]
[Date "2023.07.30"]
[Round "1.1"]
[White "Mastrovasilis, Dimitrios"]
[Black "Blohberger, Felix"]
[Result "1-0"]
[WhiteTitle "GM"]
[BlackTitle "GM"]
[WhiteElo "2587"]
[BlackElo "2522"]
[WhiteFideId "4202694"]
[BlackFideId "1632051"]
[EventDate "2023.07.30"]
[EventType "k.o."]

1. e4 e5 2. Nf3 Nc6 3. d4 exd4 4. Nxd4 Qf6 5. Nf3 Bb4+ 6. c3 Bc5 7. Be2 d6 8.
O-O a6 9. b4 Ba7 10. Kh1 Nge7 11. Bg5 Qg6 12. Nbd2 O-O 13. a4 f6 14. Bh4 Kh8 15.
Bg3 Qf7 16. Bc4 Be6 17. Qb3 Bxc4 18. Qxc4 Qxc4 19. Nxc4 d5 20. exd5 Nxd5 21. b5
Nce7 22. bxa6 bxa6 23. Rfe1 Nf5 24. Re6 Nxc3 25. Bxc7 Bxf2 26. Bb6 Rfc8 27. Nfd2
Bd4 28. Rf1 g6 29. g4 Bxb6 30. Nxb6 Nd4 31. Rexf6 a5 32. Rf7 1-0

[Event "FIDE World Cup 2023"]
[Site "Baku AZE"]
[Date "2023.07.30"]
[Round "1.1"]
[White "Xu, Yinglun"]
[Black "Suleymanli, Aydin"]
[Result "1/2-1/2"]
[WhiteTitle "GM"]
[BlackTitle "GM"]
[WhiteElo "2531"]
[BlackElo "2586"]
[WhiteFideId "8604940"]
[BlackFideId "13413937"]
[EventDate "2023.07.30"]
[EventType "k.o."]

1. Nf3 Nf6 2. c4 e6 3. Nc3 d5 4. d4 c5 5. cxd5 cxd4 6. Qxd4 exd5 7. Bg5 Be7 8.
e3 O-O 9. Be2 Nc6 10. Qd3 h6 11. Bh4 Qb6 12. O-O Rd8 13. Rfd1 Be6 14. Nb5 Rac8
15. Nbd4 Nxd4 16. Nxd4 g5 17. Bg3 Ne4 18. Be5 Nc5 19. Qb1 Nd7 20. Nxe6 Qxe6 21.
Bd4 Ne5 22. h3 Rc7 23. a3 Nc6 24. Bg4 Qd6 25. Bc3 Bf6 26. Bf3 d4 27. Bxc6 Qxc6
28. exd4 Rcd7 29. Qd3 Qb6 30. d5 Bxc3 31. Qxc3 1/2-1/2

[Event "FIDE World Cup 2023"]
[Site "Baku AZE"]
[Date "2023.07.30"]
[Round "1.1"]
[White "Fridman, Daniel"]
[Black "Kourkoulos-Arditis, Stamatis"]
[Result "1/2-1/2"]
[WhiteTitle "GM"]
[BlackTitle "IM"]
[WhiteElo "2586"]
[BlackElo "2531"]
[WhiteFideId "11600454"]
[BlackFideId "4221990"]
[EventDate "2023.07.30"]
[EventType "k.o."]

1. d4 Nf6 2. Nf3 g6 3. g3 Bg7 4. Bg2 O-O 5. c4 d6 6. Nc3 c5 7. O-O Nc6 8. dxc5
dxc5 9. Bf4 Nh5 10. Bd2 Be6 11. b3 Qc8 12. Qc1 Bh3 13. Bh6 Bxg2 14. Kxg2 Rd8 15.
Bxg7 Kxg7 16. Nd5 e6 17. Nf4 Nxf4+ 18. Qxf4 Nd4 19. e3 Nxf3 20. Qxf3 Qc7 21.
Rad1 h5 22. h4 b6 23. Qe4 Rac8 24. Kf3 Rd7 25. Ke2 Rcd8 26. Rg1 Kf6 27. Qf3+ Ke7
28. Qe4 Kf6 29. Qf3+ Ke7 30. Qe4 Kf6 1/2-1/2

[Event "FIDE World Cup 2023"]
[Site "Baku AZE"]
[Date "2023.07.30"]
[Round "1.1"]
[White "Kozul, Zdenko"]
[Black "Sanal, Vahap"]
[Result "0-1"]
[WhiteTitle "GM"]
[BlackTitle "GM"]
[WhiteElo "2532"]
[BlackElo "2585"]
[WhiteFideId "14502879"]
[BlackFideId "6300545"]
[EventDate "2023.07.30"]
[EventType "k.o."]

1. d4 d5 2. c4 c6 3. Nf3 Nf6 4. Nc3 e6 5. Bg5 Be7 6. e3 h6 7. Bh4 O-O 8. Qc2
Nbd7 9. a3 a6 10. Rd1 Re8 11. Be2 dxc4 12. Bxc4 b5 13. Ba2 Qb6 14. O-O c5 15. d5
exd5 16. Nxd5 Nxd5 17. Rxd5 Nf6 18. Re5 Bb7 19. Rd1 c4 20. b3 Rad8 21. Rxd8 Rxd8
22. Nd4 Qc7 23. f4 Be4 24. Qc1 Bd3 25. bxc4 bxc4 26. Rxe7 Qxe7 27. Nc6 Qd6 28.
Nxd8 Qxd8 29. Qb2 Qa5 30. h3 Ne4 31. Qb8+ Kh7 32. Qc8 Qc5 33. Qxc5 Nxc5 34. Kf2
Ne4+ 35. Ke1 Nc3 0-1